000 00626nam a2200277Ia 4500
005 20260401122314.0
008 008 250103s9999 xx 000 0 eng d
020 _a195666690
037 _aTB
040 _aEDL
040 _beng
040 _cEDL
041 _2eng
041 _aeng
084 _a891.441 MUR
084 _qEDL
245 0 _aHeart of a Rebel Poet: Letters of Michael Madhusudan Dutt
260 _aNew Delhi
260 _bOxford University Press
260 _c2004
300 _a327p
942 _cTB
942 _h891.441 MUR
999 _c1846389
_d1846389